000 00759 a2200193 4500
003 NUST
005 20251219143248.0
040 _cNust
082 _a621.382,SHA
100 _aShahid, Syed Maaz. (TE-48)
_9132506
245 _aIP Based Air Conditioner Universal Control Unit /
_cNC Syed Maaz Shahid, NC Wardah Sarmad and PC Aoun Ali Naqvi
260 _aRawalpindi
_bMCS (NUST)
_cJune 2015
300 _ax,47 p.;
505 _aIntroduction (Page-1), Literature Review (Page-5), Design and Development (Page-8), Project Analysis and Evaluation (Page-27), Recommendation for Future Work (Page-32), Conclusion (Page-33).
650 _aUG Project
_9131132
651 _aTE-48
700 _aSupervised by Dr. Adil Masood Saddique
_9132507
942 _cPR
_2ddc
999 _c217248
_d217248